• Ricciardelli Margherita

di Personal Name

Records bibliografici associati: 1

001 - CONTROL NUMBER

  • control field: 17784

003 - CONTROL NUMBER IDENTIFIER

  • control field: IT-RoPau

005 - DATE AND TIME OF LATEST TRANSACTION

  • control field: 20140331164543.0

008 - FIXED-LENGTH DATA ELEMENTS

  • fixed length control field: 140331|| aca||aabn | a|a d

040 ## - CATALOGING SOURCE

  • Original cataloging agency: IT-RoPau
  • Transcribing agency: IT-RoPau

100 ## - HEADING--PERSONAL NAME

  • Personal name: Ricciardelli Margherita
  • Miscellaneous information: Codice autore testo/musica SPICS: 28240
  • Relator term: Autore testo/musica
  • Name of part/section of a work: Andalouse - Luna nova

670 ## - SOURCE DATA FOUND

  • Source citation: Work cat.: (IT-RoPau)99007: AA.VV. 794, Passaggio da oriente
CREDITS: SOCIETA' SAN PAOLO Via A.Severo, 58 - ROMA (RM) & PERIODICI SAN PAOLO SRL Via Giotto, 36 MILANO & CISF Via Giotto, 36 MILANO & EDIZIONI SAN PAOLO SRL,  Piazza Soncino, 5 CINISELLO BALSAMO (MI) -- ITALY